Rat art /

Hlavní autor: Franta, Roman, 1962-
Další autoři: Trávníčková, Jana
Jazyk: Čeština
Angličtina
Vydáno: Praha : Galerie Havelka, 2019
Témata:
Fyzický popis: 238 stran : ilustrace ; 21 cm
Language note: Český a souběžný anglický text
Knihy
Uloženo v:
LEADER 02844cam a2200793 i 4500
001 nkc20193120534
003 CZ PrNK
005 20230509080032.0
007 ta
008 190716s2019 xr a e 000 0 cze d
015 |a cnb003120534 
020 |a 978-80-87390-36-8  |q (vázáno) 
035 |a (OCoLC)1140089968 
040 |a KLG001  |b cze  |d ABA001  |e rda 
041 1 |a cze  |a eng  |h cze 
043 |a e-xr---  |a n-us-ny 
045 |a y1y1 
072 7 |a 74  |x Kresba. Umělecká řemesla  |2 Konspekt  |9 21 
080 |a 75.071.1  |2 MRF 
080 |a 741/744(437.3)  |2 MRF 
080 |a 17.02  |2 MRF 
080 |a 72/76  |2 MRF 
080 |a 910.4  |2 MRF 
080 |a 7.04  |2 MRF 
080 |a (437.3)  |2 MRF 
080 |a (734.7)  |2 MRF 
080 |a (0:82-84)  |2 MRF 
080 |a (084.11)  |2 MRF 
100 1 |a Franta, Roman,  |d 1962-  |7 jo20010087016  |4 aut  |4 ill 
245 1 0 |a Rat art /  |c Roman Franta ; překlad: Jana Trávníčková 
264 1 |a Praha :  |b Galerie Havelka,  |c 2019 
300 |a 238 stran :  |b ilustrace ;  |c 21 cm 
336 |a text  |b txt  |2 rdacontent 
336 |a statický obraz  |b sti  |2 rdacontent 
337 |a bez média  |b n  |2 rdamedia 
338 |a svazek  |b nc  |2 rdacarrier 
500 |a Životopisná data, přehled výstav a zastoupení ve sbírkách 
500 |a 400 výtisků 
546 |a Český a souběžný anglický text 
600 1 7 |a Franta, Roman,  |d 1962-  |7 jo20010087016  |2 czenas 
648 7 |a 20.-21. století  |7 ch462155  |2 czenas 
648 4 |a 2018-2019 
648 7 |a 21. století  |7 ch460559  |2 czenas 
650 0 7 |a malíři  |7 ph122596  |z Česko  |y 20.-21. století  |2 czenas 
650 0 7 |a česká kresba  |7 ph116857  |y 21. století  |2 czenas 
650 0 7 |a životní moudrost  |7 ph128026  |x humor  |2 czenas 
650 0 7 |a umění  |7 ph116538  |x humor  |2 czenas 
650 0 7 |a cesty a pobyt  |7 ph137578  |x humor  |2 czenas 
650 0 7 |a cesty a pobyt  |7 ph137578  |z New York  |y 21. století  |2 czenas 
650 0 7 |a náměty, témata a motivy  |7 ph138485  |2 czenas 
650 0 9 |a painters  |z Czechia  |y 20th-21st centuries  |2 eczenas 
650 0 9 |a Czech drawing  |y 21st century  |2 eczenas 
650 0 9 |a life wisdom  |x humor  |2 eczenas 
650 0 9 |a art  |x humor  |2 eczenas 
650 0 9 |a voyages and travels  |x humor  |2 eczenas 
650 0 9 |a voyages and travels  |z New York  |y 21st century  |2 eczenas 
650 0 9 |a themes and motives  |2 eczenas 
651 7 |a New York (New York)  |7 ge130170  |x humor  |2 czenas 
651 9 |a New York (New York)  |x humor  |2 eczenas 
655 7 |a aforismy  |7 fd131784  |2 czenas 
655 7 |a obrazové publikace  |7 fd132947  |2 czenas 
655 9 |a aphorisms  |2 eczenas 
655 9 |a pictorial works  |2 eczenas 
700 1 |a Trávníčková, Jana  |4 trl 
910 2 |a BOA001  |b 2-1508.158 
920 |a 1245789  |z KLG001 
990 |a BK 
995 |a 01 
996 6 |b 2610937936  |c 2-1508.158  |l MZK  |r Sklad / do 1 hodiny  |n 0  |p p.v.  |w 001924505  |u 000010  |a 1  |e BOA001  |j MZK50  |s P